Click the Australian Celebrity - Sudden Death - Statistics

General Stats
  • This quiz has been taken 92 times
  • The average score is 7 of 14
Answers on the Grid
Answers color-coded by a green-red scale on the quiz's grid according to % correct below.
Cate Blanchett
Celine Dion
Chris Hemsworth
Christian Bale
Daniel Craig
Dwayne Johnson
Edward Norton
Elle Macpherson
Elon Musk
Emily Blunt
Ewan Mcgregor
Heath Ledger
Hugh Jackman
Hugo Weaving
Iggy Azalea
Isla Fisher
Jude Law
Keith Urban
Kylie Minogue
Lorde
Margot Robbie
Matthew Mcconaughey
Nicole Kidman
Olivia Newton-John
Peter Jackson
Robin Williams
Russell Crowe
Steve Irwin
 
Answer Stats
Answer % Correct
Chris Hemsworth
78%
Hugh Jackman
62%
Margot Robbie
61%
Kylie Minogue
58%
Nicole Kidman
58%
Cate Blanchett
57%
Heath Ledger
52%
Keith Urban
49%
Steve Irwin
48%
Elle Macpherson
42%
Iggy Azalea
42%
Olivia Newton-John
35%
Hugo Weaving
33%
Isla Fisher
26%
No matching quizzes found
Score Distribution
Percent of People with Each Score
Percentile by Number Answered
Your Score History
You have not taken this quiz